[Event "Candidates FIDE sf2"]
[Site "Sanghi Nagar"]
[Date "1994.??.??"]
[Round "5"]
[White "Kramnik, Vladimir"]
[Black "Gelfand, Boris"]
[Result "1/2-1/2"]
[WhiteElo "2710"]
[BlackElo "2685"]
[Annotator "Blatny,P"]
[PlyCount "93"]
[EventDate "1994.07.??"]
[EventType "match"]
[EventRounds "8"]
[EventCountry "IND"]
[SourceTitle "CBM 042"]
[Source "ChessBase"]
[SourceDate "1994.10.01"]
[SourceVersion "1"]
[SourceVersionDate "1994.10.01"]
[SourceQuality "1"]

1. e4 {Ftacnik} c5 2. c3 e6 3. d4 d5 4. exd5 exd5 5. Be3 $1 c4 (5... cxd4 $6 {
קd5}) 6. b3 cxb3 7. axb3 Bd6 8. Bd3 Nc6 9. Qf3 {/\Nge2-f4 קd5} (9. Nd2 {
Ftacnik} Be6 (9... Nf6 10. h3 O-O 11. Qf3 Re8 12. Ne2 h6 13. O-O {Blatny,
P-Popovic,P/Brno (8)/1992/0.5 (13)}) 10. Qf3 Nge7 11. Bf4 Bxf4 (11... Ng6 12.
Bxd6 (12. Bg3 Nh4 13. Bxh4 Qxh4 14. Ne2 O-O 15. h3 Rae8 16. O-O f5 17. Ng3 f4
18. Nf5 Bxf5 19. Qxd5+ Be6 20. Qxd6 Rf6 21. Qc5 Rd8 22. Nf3 Qh6 23. Bc4 Kh8 24.
Bxe6 {Turov,M-Chuprov,A/St.Petersburg op (6)/1994/1-0 (45)}) 12... Qxd6 13. Ne2
a5 14. Qg3 Qxg3 15. hxg3 h6 16. O-O O-O 17. Ra3 Rfe8 18. Rfa1 Bg4 19. Kf1 Rab8
20. f3 Bd7 21. Bb5 b6 22. Kf2 Re7 23. Re1 Nb4 24. cxb4 {Le_Bellac,P-Szabolcsi,
J/Budapest FS 11 IM/A(05)/1993/0-1 (33)}) 12. Qxf4 Ng6 13. Qg3 O-O 14. h4 Qf6
15. Ne2 Bf5 16. Bxf5 Qxf5 17. h5 Nge7 18. Qf3 Rfe8 19. O-O Qg5 20. Nf4 a5 21.
Rfd1 Rad8 22. Nf1 Nf5 23. Rd3 Nh4 24. Qg3 {Blatny,P-Kortschnoj,V/Brno (5)/1992/
1-0 (53)}) 9... Nf6 (9... Nge7 {Ftacnik} 10. Ne2 O-O 11. Nd2 a6 12. h4 Be6 13.
Bf4 Bxf4 14. Qxf4 Qd7 15. h5 f6 16. Ng3 Rae8 17. O-O Na7 18. Rfc1 Nb5 19. b4
Qd6 20. Qxd6 Nxd6 21. Ra5 Nc6 22. Rc5 Rc8 23. Re1 Rfe8 24. b5 {Drazic,S-Ortega,
L/Cattolica (5)/1993/1-0 (59)}) 10. h3 h6 (10... O-O {Ftacnik} 11. Bg5 Re8+ 12.
Ne2 Be7 13. O-O h6 14. Bxf6 Bxf6 15. Nf4 $14) 11. Ne2 Ne7 12. Ng3 (12. Bf4 $5 {
Ftacnik}) 12... Be6 (12... Ng6 $5 13. Nf5 $140 $2 (13. Bxg6 fxg6 $13) (13. O-O
O-O $10) 13... Bxf5 14. Qxf5 (14. Bxf5 $4 Nh4 $19) 14... Nh4 15. Bb5+ Kf8 $1
$17 {קg2}) 13. O-O Ng6 (13... O-O {Ftacnik} 14. Bf4 Bxf4 15. Qxf4 Qb6 16. Ra3
$13) 14. Nf5 Bxf5 (14... O-O $2 {Ftacnik} 15. Nxd6 Qxd6 16. Bxh6 $16) 15. Qxf5
Nh4 $5 16. Bb5+ Kf8 17. Qc2 g6 18. Bd3 Qd7 (18... Kg7 {Ftacnik} 19. c4 $36) 19.
c4 a6 $6 (19... Nf3+ $1 20. Kh1 (20. gxf3 Qxh3 $40) 20... Ng5 {/\Nh3->>>}) 20.
c5 Bc7 (20... Rc8 $2 {Ftacnik} 21. Qd2 Be7 22. Bxh6+ $16) 21. c6 $5 (21. Nd2 {
><f3}) (21. Nc3 {Ftacnik} Kg7 22. b4 Nf3+ 23. Kh1 Ng5 $132) 21... Qd6 (21...
bxc6 {Ftacnik} 22. Rxa6 Rxa6 23. Bxa6 Qd6 24. Qc5 Qxc5 25. dxc5) 22. Qc5 (22.
g3 bxc6 (22... Nf3+ {Ftacnik} 23. Kg2 Nh4+ 24. gxh4 Qh2+ 25. Kf3 $16) 23. Bf4 (
23. Rc1 Qe6 24. gxh4 (24. Kh2 Nf3+ 25. Kg2 Ng5 26. Bxg5 hxg5 $40) (24. Qxc6
Qxh3 25. gxh4 Bh2+ 26. Kh1 Bg3+ $10 (26... Re8 {/\Re3->#})) 24... Qxh3 $40)
23... Nf3+ 24. Kg2 Nh4+ 25. Kh2 Nf3+ 26. Kg2 Nh4+ $10 27. Kh1 $2 Qe6 28. Kh2 (
28. gxh4 $4 Qxh3+ 29. Kg1 Bxf4 30. f3 Be3+ $19) 28... Bxf4 29. gxf4 Nf3+ 30.
Kg3 Ne1 31. Qe2 (31. Qd1 $2 Nh5+ 32. Kh2 Nxf4 $19) 31... Nh5+ 32. Kh2 Nxd3 33.
Qxd3 Nxf4 34. Qe3 Qd6 $19) 22... Qxc5 23. dxc5 bxc6 24. Rxa6 Rxa6 25. Bxa6 Kg7
26. Bb7 Rb8 27. Bxc6 Rxb3 28. Nd2 (28. Bd4 {Ftacnik} Rd3 $10) 28... Rb4 29. Rb1
Rxb1+ 30. Nxb1 Nf5 31. Bd2 Nd4 (31... Ne4 {Ftacnik} 32. Bb4 Ne7 33. Bb7 Kf6 34.
Nc3 Nxc3 35. Bxc3+ Ke6 $10) 32. Ba4 (32. Bb7 {Ftacnik} Ne4 33. Bb4 Ne6 34. c6
Bb6) 32... Ne4 33. Bb4 Ne6 34. c6 Bb6 35. Nc3 (35. Be1 N4c5 $15) 35... Bxf2+ (
35... Nxf2 36. Nxd5 $10) 36. Kf1 Bc5 (36... Nxc3 {Ftacnik} 37. Bxc3+ d4 38. Ba5
Bg3 39. Ke2 $10) 37. Ba5 $6 (37. Nxd5 $142) (37. Bxc5 {Ftacnik} N4xc5 (37...
Nxc3 $2 38. Bd4+ Nxd4 39. c7 $16) 38. Bd1 Nc7 $15) 37... Nxc3 38. Bxc3+ Kf8 $6
(38... d4 $142 39. Ba5 Bd6 40. Bb3 Kf6 41. Ke2 $15) 39. Bb3 $1 (39. Bf6 {
Ftacnik} Be7 40. Be5 Bd8 41. Bd6+ Kg7 $10) 39... Nc7 (39... d4 $4 40. Bxe6 Bd6
41. Bxd4 fxe6 42. Bc5 $1 $18) 40. Be5 Bb6 41. Bd6+ Kg7 42. g4 (42. Bxc7 Bxc7
43. Bxd5 $10) 42... Kf6 43. h4 Ke6 44. Bf8 h5 45. gxh5 gxh5 46. Bd1 Nb5 47.
Bxh5 (47. Bxh5 {Ftacnik} Na7 $10) 1/2-1/2

[Event "Belgrade Investbank"]
[Site "Belgrade"]
[Date "1995.??.??"]
[Round "9"]
[White "Adams, Michael"]
[Black "Miladinovic, Igor"]
[Result "1-0"]
[WhiteElo "2660"]
[BlackElo "2555"]
[Annotator "Blatny,P"]
[PlyCount "85"]
[EventDate "1995.11.??"]
[EventType "tourn"]
[EventRounds "11"]
[EventCountry "YUG"]
[EventCategory "17"]
[SourceTitle "CBM 051"]
[Source "ChessBase"]
[SourceDate "1996.04.01"]
[SourceVersion "1"]
[SourceVersionDate "1996.04.01"]
[SourceQuality "1"]

1. e4 c5 2. Nf3 Nc6 3. c3 Nf6 4. e5 Nd5 5. Bc4 Nb6 6. Bb3 c4 7. Bc2 d6 8. exd6
Qxd6 9. O-O Bg4 {/\ 10...Ne5} 10. Re1 (10. b3 Ne5 11. Na3 Nxf3+ 12. gxf3 Bh3
13. Re1 cxb3 14. axb3 Rc8 15. c4 $4 (15. d4 $142 Rxc3 $140 16. Nb5) 15... f5 $1
$19 {/\16...Dg6} 16. Kh1 $8 Qd4 17. Rb1 Qxf2 18. Rg1 Rc6 {0-1 Rovid,K-Mann,G/
HUN-chT1 9495 (12) ;EXT 95ch 1995}) (10. Qe2 O-O-O $5 (10... Qf6 $5)) 10... Ne5
$146 (10... e6 11. h3 Bh5 12. b3 Bg6 13. Ba3 Qd5 14. Bxf8 Kxf8 15. Na3 Rd8 16.
bxc4 (16. Rb1 $5) 16... Nxc4 (16... Qc5 $5) 17. Bb3 Bd3 (17... b5 18. d4 Bh5 $5
) 18. Nxc4 Bxc4 19. d4 g6 20. Rb1 (20. Bxc4 Qxc4 21. Qb3 Qxb3 (21... Na5 22.
Qa3+ $18) 22. axb3 Kg7 $10) 20... Bxb3 21. Rxb3 b6 22. Qe2 Kg7 $10 {0-1 Nunn,
J-Anand,V/Monaco Amber 25' (05) ;EXP 40 1994 (45)}) 11. Rxe5 Bxf3 12. Qe1 Bd5
13. b3 (13. d4 cxd3 14. Bxd3 Bxg2 $17) 13... e6 14. Ba3 Qc6 15. Bxf8 Kxf8 {
Wer steht schlechter? Schwarz kann nicht mehr rochieren und Weiß hat
Schwierigkeiten, seinen Damenflügel zu entwickeln. Steht der Turm im Zentrum
gut oder schlecht?} (15... Rxf8 $5 {/\ 0-0-0}) 16. Rg5 $5 f6 (16... g6 17. d3
cxd3 18. Bxd3 $16 {x Bd5}) 17. Rg3 h5 $5 18. Na3 (18. d3 $5 h4 19. Rg4 (19. Re3
e5 20. Qf1 cxd3 21. Bxd3 h3 $132) 19... h3 (19... cxd3 20. Bxd3 h3 21. c4 Bxg2
22. Qb4+ Kg8 23. Qe7 $18) 20. dxc4 Bxg2 21. Nd2 $16) 18... h4 19. Rg4 h3 20.
bxc4 Bxg2 $6 (20... Nxc4 $142 21. Nxc4 Bxc4 22. Be4 Bd5 23. Bxd5 Qxd5 24. d4
hxg2 25. Rxg2 Rc8 $10) 21. Nb5 {Ein kleiner Zwischenzug mit taktischen
Hintergedanken.} (21. d3 $14) 21... Nxc4 $2 (21... e5 $142 22. d3 $14) 22. Nd4
$18 {Der Verlust des e-Bauern ist entscheidend.} Ne5 (22... Qd5 23. Nxe6+ $18)
23. Rg3 (23. Nxc6 $4 Nf3#) 23... Qd5 (23... Qd6 24. f4 $18) 24. Bb3 Qe4 25.
Nxe6+ Ke7 26. Qxe4 Bxe4 27. Re1 Nf3+ (27... f5 28. Ng5 $18) 28. Rxf3 Bxf3 29.
Nd4+ Kd6 30. Nxf3 {Die beiden Leichtfiguren sind in der geschlossenen Stellung
dem Turm überlegen.} Rae8 31. Re3 $1 {Weiß sorgt dafür, daß möglichst wenig
offene Linien für den Turm vorhanden sind.} g5 32. Nd4 Rxe3 33. fxe3 Ke5 34.
Be6 $1 {Damit ist der Vormarsch der schwarzen Königsflügelbauern gestoppt. N
und B arbeiten optimal zusammen.} b5 35. Kf2 {Der Ph3 ist ein Kind des Todes.}
Kd6 36. Kg3 a5 {Das letzte schwarze Gegenspiel.} 37. Bxh3 b4 38. cxb4 axb4 39.
Be6 Ke5 40. Bb3 Ke4 41. Bc2+ Kd5 42. d3 Re8 43. Nf5 1-0

[Event "Madrid"]
[Site "Madrid"]
[Date "1994.??.??"]
[Round "7"]
[White "Magem Badals, Jordi"]
[Black "Tiviakov, Sergei"]
[Result "1-0"]
[WhiteElo "2505"]
[BlackElo "2630"]
[Annotator "Blatny,P"]
[PlyCount "167"]
[EventDate "1994.05.??"]
[EventType "tourn"]
[EventRounds "9"]
[EventCountry "ESP"]
[EventCategory "15"]
[SourceTitle "CBM 041"]
[Source "ChessBase"]
[SourceDate "1994.08.01"]
[SourceVersion "1"]
[SourceVersionDate "1994.08.01"]
[SourceQuality "1"]

1. e4 c5 2. c3 Nf6 3. e5 Nd5 4. g3 {Rozentalis} Nc6 5. Bg2 e6 6. Nf3 d6 7. exd6
Bxd6 8. O-O O-O 9. d4 b6 (9... cxd4 10. Nxd4 Bd7 (10... Nxd4 11. Qxd4 Qc7 12.
Nd2 Bd7 13. Ne4 Be5 14. Qd3 $10 {MagemBadals,J-Martin,A/Bilbao/1993/} Ne7 $5)
11. c4 (11. Nb3 {Shirov} Be7 12. Bxd5 exd5 13. Qxd5 Bh3 14. Qxd8 Raxd8 15. Re1
Ne5 16. N1d2 Bf6 $44) 11... Nde7 12. Nb5 Be5 13. N1c3 a6 14. Nd6 Qc7 15. c5
Rad8 $15 {Rozentalis,E-Shirov,A/Tilburg/1993/}) 10. c4 Nde7 11. Nc3 Bb7 12. d5
$5 (12. dxc5 Bxc5 (12... bxc5 13. Ne4 $16) 13. Ne4 Nd4 14. Nxc5 Bxf3 (14...
bxc5 $2 15. Nxd4 Bxg2 16. Nxe6 Qxd1 17. Rxd1 Bf3 18. Nxf8 Bxd1 19. Bg5 $16) 15.
Bxf3 Nxf3+ 16. Qxf3 bxc5 $14) 12... exd5 13. cxd5 Nb4 14. Ng5 h6 (14... Ba6 $2
15. Re1 Nd3 $2 16. Be4 $18) 15. Nge4 Nbxd5 (15... f5 $2 16. Nxd6 Qxd6 17. Re1
Nbxd5 $2 18. Rxe7 $1 $18) 16. Bxh6 $5 (16. Nxd5 $2 Nxd5 (16... Bxd5 $2 17. Nf6+
$1 gxf6 18. Bxd5 Nxd5 19. Qxd5 $18) 17. Bxh6 Be5 $44 {Attacking b2}) 16... Be5
$6 (16... gxh6 $1 {Magem Badals,J} 17. Nxd5 Nxd5 18. Qg4+ Kh7 (18... Kh8 19.
Rad1 (19. Qh5 Kg7 20. Rad1 $2 f5 $1) 19... Rg8 (19... f5 $2 20. Qg6 fxe4 (20...
Bf4 $1 {Windows Analyseprogramm} 21. gxf4 Qh4 $13) 21. Qxh6+ Kg8 22. Qg6+ Kh8
23. Bxe4 $18) 20. Qh5 Rg6 (20... Bf8 21. Nc3 Rg5 (21... Qg5 $5) 22. Qxf7 $40)
21. Rxd5 Bxd5 22. Qxd5 Rc8 23. Qxf7 $16) 19. Qf5+ Kg7 20. Rad1 Be7 21. Nc3 Qc8
22. Qxc8 Raxc8 23. Bxd5 Bxd5 24. Nxd5 Bf6 $10) 17. Bd2 Nxc3 18. bxc3 Ng6 (18...
f5 $2 19. Ng5 Bxg2 20. Qh5 $18) 19. f4 $1 (19. Nf6+ $2 Qxf6 20. Bxb7 Rad8 $15 {
><c3,d2}) 19... Bd4+ 20. Kh1 (20. cxd4 $2 Bxe4 21. Bxe4 Qxd4+ $17) 20... f5 21.
Nf6+ $6 (21. cxd4 $1 Bxe4 22. Bxe4 fxe4 23. dxc5 bxc5 (23... Qd3 $142 $5) 24.
Be3 $16) 21... Bxf6 22. Bxb7 Rb8 23. Bg2 Qd3 24. Rf3 Qd7 25. Qb3+ Kh7 26. Rf2
Rfe8 27. a4 Rbd8 28. Rb1 Re6 29. Bf1 Re4 30. Bb5 Qb7 31. Kg1 c4 32. Bxc4 Be7
33. Qb5 Qc8 34. Bd3 Bc5 35. Be1 Re3 $6 (35... Re7 36. Bc2 $1 Rd5 37. Qf1 Bxf2+
38. Bxf2 Ra5 39. Qh3+ $1 Kg8 40. Bb3+ Kf8 41. Qh7 $16) (35... a6 $1 36. Qxa6
Qxa6 37. Bxa6 Rxa4 38. Bb5 Ra2 39. Kf1 Bxf2 40. Bxf2 Rdd2 41. Bxb6 Rxh2 42. Bd3
$10) 36. Bc2 Rde8 37. Qf1 Kg8 $6 (37... Re2 $5 38. Bd3 (38. Bb3 $5) 38... Bxf2+
39. Bxf2 Rd2 40. Qh3+ Kg8 41. Bxf5 Qc6) 38. Kh1 Kf8 (38... Qc6+ 39. Rg2 Re2 40.
Bd3 Qxg2+ $2 41. Qxg2 Rxe1+ 42. Rxe1 Rxe1+ 43. Bf1) 39. Bd2 Qc6+ 40. Qg2 Qxg2+
41. Rxg2 (41. Kxg2 $2 Re2 $19) 41... Re2 42. Rxe2 (42. Rd1 $2 Bf2 $1 43. h3 (
43. Bxf5 Rxd2 44. Rxd2 Re1+ $19) 43... Rd8 44. Bc1 Rxd1+ 45. Bxd1 Re1+ 46. Kh2
Rxd1 47. Ba3+ Bc5 $19) 42... Rxe2 43. Rd1 Ne7 44. Bd3 Rf2 45. Be1 Rb2 46. Rd2
Rxd2 (46... Rb3 $2 47. Bc4 Rxc3 48. Rd8#) 47. Bxd2 g6 48. Kg2 Kg7 49. Kf3 Nc8
50. h3 Nd6 51. g4 Kf6 52. Be1 Ba3 53. Bh4+ Kf7 54. Bf2 Bc5 55. Bd4 Ke6 56. Be5
Ne8 57. Bb5 Nd6 (57... Nf6 $6 58. gxf5+ gxf5 59. Ba6 {><f5}) 58. Bd3 Ne8 59.
Bc4+ Ke7 60. Ba6 Nd6 61. Bd3 Kd7 {adj} 62. Bg7 Ke6 63. Kg3 Be3 64. Kf3 Bd2 65.
Bd4 Bc1 66. Be5 Bd2 67. Ke2 Bc1 68. Kf3 Bd2 69. h4 Be1 (69... Bc1 70. g5 Ba3
71. h5 gxh5 72. g6 $18) 70. h5 fxg4+ 71. Ke2 Bxc3 (71... Bh4 72. h6 Bf6 73. h7
Nf7 74. Bc4+ Ke7 75. Bxf7 Kxf7 76. Bxf6 Kxf6 77. h8=Q+ $18) 72. Bxc3 gxh5 73.
Be5 Nf5 (73... h4 74. Bxd6 Kxd6 75. Bf5 g3 76. Kf3 $18) 74. Kf2 h4 75. Bc4+ Ke7
76. Be2 g3+ 77. Kg2 Ne3+ 78. Kh3 Ke6 79. Bd4 Nd5 80. Kg4 Ne7 81. Bc4+ Kd6 82.
Bg1 Ng6 83. Bd3 h3 84. Kxg3 1-0

[Event "Valby K41"]
[Site "Valby"]
[Date "1991.??.??"]
[Round "8"]
[White "Greger, Roland"]
[Black "Cramling, Pia"]
[Result "1-0"]
[WhiteElo "2370"]
[BlackElo "2485"]
[Annotator "Blatny,P"]
[PlyCount "91"]
[EventDate "1991.09.??"]
[EventType "tourn"]
[EventRounds "9"]
[EventCountry "DEN"]
[EventCategory "10"]
[SourceTitle "CBM 027"]
[Source "ChessBase"]
[SourceDate "1992.04.01"]
[SourceVersion "1"]
[SourceVersionDate "1992.04.01"]
[SourceQuality "1"]

1. e4 c5 2. c3 Nf6 3. e5 Nd5 4. d4 cxd4 5. Nf3 e6 6. cxd4 b6 7. Nc3 Nxc3 8.
bxc3 Qc7 9. Bd2 Bb7 10. Bd3 d6 11. O-O Nd7 12. Re1 dxe5 13. Nxe5 Nxe5 14. Rxe5
Bd6 15. Rh5 g6 16. Rh3 O-O (16... O-O-O) 17. c4 Rfe8 18. Qg4 f5 19. Qh4 Qg7 20.
Bh6 Qf7 21. Rd1 Rac8 22. Bg5 Rc7 23. c5 bxc5 24. Bb5 Rec8 25. dxc5 Bxc5 26. Bf4
Be7 27. Qh6 Bf8 28. Qh4 Rc5 29. Ba4 Bd5 $19 30. Bb3 Bxb3 31. Rxb3 e5 32. Bh6
Rc4 33. Qh3 Be7 34. Rb7 Rc3 $4 (34... Rh4 $2 35. Qxh4 $10) (34... R4c7 $19 {_|_
}) 35. Qxc3 $1 Rxc3 36. Rb8+ $18 Qf8 (36... Bf8 37. Rdd8 Rc1+ 38. Bxc1 $18) 37.
Rxf8+ Bxf8 38. Rd8 Kf7 39. Rxf8+ Ke7 40. Ra8 f4 41. Rxa7+ Ke6 42. h4 Rc1+ 43.
Kh2 Rc2 44. Ra6+ Kd7 45. f3 e4 46. Ra3 1-0

[Event "Veterans-Women"]
[Site "Monte Carlo"]
[Date "1994.??.??"]
[Round "2"]
[White "Smyslov, Vassily V"]
[Black "Polgar, Judit"]
[Result "1-0"]
[WhiteElo "2530"]
[BlackElo "2630"]
[Annotator "Blatny,P"]
[PlyCount "95"]
[EventDate "1994.06.??"]
[EventType "schev"]
[EventRounds "6"]
[EventCountry "MNC"]
[SourceTitle "CBM 042"]
[Source "ChessBase"]
[SourceDate "1994.10.01"]
[SourceVersion "1"]
[SourceVersionDate "1994.10.01"]
[SourceQuality "1"]

1. e4 c5 2. c3 d5 3. exd5 Qxd5 4. d4 Nc6 5. Nf3 Nf6 6. Be2 cxd4 7. cxd4 e6 8.
Nc3 Qd6 {/\Be7,0-0,Rfd8->Pd4} 9. O-O Be7 10. Nb5 Qd8 11. Ne5 O-O (11... Nxe5
12. dxe5 Nd5 13. Qd4 a6 (13... O-O 14. Nxa7 $16) 14. Nd6+ Bxd6 15. exd6 O-O $14
) 12. Nxc6 bxc6 {קc6} 13. Nc3 Qa5 $6 (13... Rb8 $142 14. Rb1 (14. Bf3 Ba6 $5
15. Re1 Rb4 $132) 14... Nd5 15. Qc2 Bf6 $13) 14. Qa4 $1 Qb6 (14... Qxa4 $6 15.
Nxa4 Rb8 16. b3 {/\Bb2,Rac1,Rc2,Rfc1,Bf3 ->Pc6 +/=/+/-}) 15. Qc4 Rd8 16. Rd1
Nd5 17. Na4 Qc7 18. Bf3 $14 a5 (18... Rb8 19. a3 $1 {><b4, /\b4}) 19. Nc5 Qa7
20. b3 e5 $5 21. Bb2 f5 (21... exd4 $2 22. Bxd4 Qc7 23. Rac1 $16) 22. g3 e4 23.
Bg2 Kh8 24. a3 Rb8 25. Rab1 (25. Rac1 $6 Bg5 26. Rc2 e3 $132) 25... Bd6 (25...
Rb5 $5) 26. Bc1 h6 27. Bd2 Rb5 28. b4 axb4 29. axb4 Qb8 30. Bf1 Qc7 (30... Bxc5
31. dxc5 Nxb4 $2 32. Bf4 $1 $18) 31. Qc2 Rb8 32. Rdc1 Qe7 33. Re1 Qf6 34. Qc4
Bf8 35. Red1 g5 36. b5 cxb5 37. Rxb5 Rxb5 38. Qxb5 e3 (38... Qxd4 $142 39. Bxg5
(39. Nb3 Qg7 $1 (39... Qf6 $2 40. Ba5 $18) 40. Bxg5 (40. Ba5 $6 Nc7 $8 41. Bxc7
Qxc7 $17) 40... hxg5 41. Rxd5 Rxd5 42. Qxd5 Qd7 $15) 39... Qxd1 40. Bxd8 e3 $13
41. Qe8 $5 exf2+ 42. Kg2 Kg8 43. Nd3 f4 44. Qg6+ Bg7 45. Qe8+ Bf8 46. Kxf2 (46.
Qg6+ $10) 46... Qd2+ $10) (38... Nc7 $5) 39. fxe3 f4 40. Ne4 $6 (40. Ba5 $142
Nxe3 $5 41. Bxd8 Qxd8 42. Rd2 Nxf1 43. Kxf1 (43. Qxf1 $4 Bxc5 $19) 43... f3 $16
{^^}) 40... Qf5 41. Bd3 fxe3 $13 42. Ba5 e2 {><f2} (42... Bd7 $142) 43. Re1 $1
(43. Bxe2 $2 Qxe4 44. Bxd8 Bh3 $19) 43... Bd7 44. Qa6 (44. Qb7 $142 Bc8 45. Qb3
$16) 44... Bg7 $2 (44... Re8 $1 45. Nc5 (45. Nd6 $2 Qf3 $1 46. Bxe2 (46. Nxe8
$4 Bh3 $19) 46... Qf6 $1 47. Nxe8 Qxd4+ 48. Kg2 (48. Kh1 Qe4+ {/\Bc5#}) 48...
Ne3+ 49. Kf3 g4+ 50. Kf2 Nd1+ 51. Kg2 Qe4+ $19) 45... Qf3 $1 (45... Qg4 46.
Nxd7 Qxd7 47. Rxe2 (47. Bb5 $2 Qg7 $1 48. Bxe8 $140 $4 (48. Rxe2 Rxe2 49. Bxe2
Qxd4+ 50. Kf1 $10) 48... Qxd4+ 49. Kg2 Qe4+ 50. Kh3 Nf4+ 51. Kg4 Nd3+ 52. Kh5
Qf3+ 53. g4 (53. Kg6 Ne5#) 53... Nf4#) 47... Rxe2 48. Bxe2 $14 {_|_}) 46. Nxd7
(46. Rxe2 Bh3 (46... Rxe2 $5 47. Bxe2 Qe3+ 48. Kh1 Bf5 $40) 47. Rf2 Qd1+ 48.
Bf1 Bg7 $40) 46... Nf4 $1 47. gxf4 Qg4+ $10) (44... Rb8 $5) 45. Nf2 $18 Qf8 46.
Bxd8 Qxd8 47. Qd6 Nc3 48. Bf5 1-0

[Event "Tbilisi+"]
[Site "Tbilisi"]
[Date "1991.??.??"]
[Round "?"]
[White "Gurieli, Nino"]
[Black "Ioseliani, Nana"]
[Result "0-1"]
[WhiteElo "2370"]
[BlackElo "2470"]
[Annotator "Blatny,P"]
[PlyCount "104"]
[EventDate "1991.05.??"]
[EventType "tourn"]
[EventRounds "3"]
[EventCountry "GEO"]
[SourceTitle "CBM 024"]
[Source "ChessBase"]
[SourceDate "1991.10.01"]
[SourceVersion "1"]
[SourceVersionDate "1991.10.01"]
[SourceQuality "1"]

1. e4 c5 2. c3 d5 3. exd5 Qxd5 4. d4 Nf6 5. Nf3 e6 (5... Bg4 6. Be2 e6 7. Na3
Nc6 8. Nb5 Rc8 9. Bf4 cxd4 $1 10. Nc7+ Rxc7 11. Bxc7 dxc3 $14 {Haag-Sziebert,
Hungary 1990 --> INF 50/171}) 6. Na3 cxd4 7. Nb5 Qd8 8. Qxd4 a6 (8... Qxd4 9.
Nfxd4 Na6 {van de Oudeweetering-Bordes Budapest 1989}) 9. Qxd8+ Kxd8 10. Ne5 $5
(10. Nbd4 {+/=/=}) 10... axb5 11. Nxf7+ Ke8 12. Nxh8 Bc5 (12... Bd7 $142 $5 {
/\Bc6,Nbd7,Bc5,Ke7 /=/+}) 13. Bxb5+ Bd7 14. Bd3 Nc6 15. b4 $6 (15. Ng6 $1 hxg6
16. Bxg6+ Ke7 17. Bf4 $1 {/\ 0-0 +/=/+/- _|_}) 15... Bd6 16. Bg5 Ke7 17. Ng6+
hxg6 18. Bxg6 Ra3 $1 19. O-O (19. Bd2 $2 Ne5 20. Bc2 $8 Bb5 $17) 19... Rxc3 20.
b5 Ne5 {[+]} 21. Be4 Neg4 22. h3 Rc5 23. Bxf6+ (23. Bh4 $2 g5 $1 24. hxg4 Nxe4
$19) 23... Nxf6 24. Bxb7 Rxb5 25. Bf3 Ra5 26. Rfd1 e5 (26... Be5 27. Rab1 Rxa2
28. Rb7 $10) 27. Rab1 e4 $1 28. Re1 Re5 29. Bd1 Bc5 $36 30. g4 $6 (30. Bc2 $142
Bc6 (30... Rf5 31. Re2 {/\ Rbe1,Bxe4=} (31. Bxe4 Bxf2+ (31... Rxf2 32. Bc6+ Kd6
(32... Re2+ $2 33. Kf1 Rxe1+ 34. Rxe1+ Kd6 35. Bxd7 $14 {_|_}) 33. Bxd7 Rxa2+
34. Kh1 Nxd7 $10) 32. Kh1 Rf4 33. Bc6+ Bxe1 34. Rxe1+ Be6 {-/+/-+})) 31. Re2
Nh5 32. Rbe1 Nf4 33. Rxe4 $1 Bxe4 34. Rxe4 Rxe4 35. Bxe4 Ne2+ 36. Kf1 Nc3 37.
Bd3 Nxa2 38. g3 {/\ Kg2,Ph4,f3 =/+/= ץc5 + Ph _|_}) 30... Bc6 31. Bc2 Nh7 32.
Kf1 Re6 (32... Ng5 $4 33. f4 $18) 33. f3 Ng5 34. Bxe4 Nxe4 35. fxe4 Bxe4 {
-/+/-+ ^^} 36. Rbc1 Bb6 (36... Rf6+ 37. Ke2 Bb6 (37... Rf2+ $4 38. Kd1 $18) 38.
g5 Re6 (38... Rf2+ $4 39. Kd1 Rf4 40. Rc4 $18) 39. Kf1 {- game}) 37. g5 Re5 38.
Rb1 $4 (38. h4 Kf7 {/\ Kg6,Kh5;Rf5-f2 -+}) 38... Rf5+ 39. Ke2 Bxb1 40. Rxb1 Bd4
$19 41. Rb7+ Ke6 42. h4 Rf2+ 43. Kd3 Be5 44. Ra7 (44. h5 Rxa2 45. h6 g6 46. h7
Rh2 $19) 44... Rh2 45. Ra4 Kf5 46. a3 Bg3 47. Ra7 Kg6 48. Ra6+ Kh7 49. Ke4 Bxh4
50. Kf5 Rg2 51. g6+ Kh6 52. Rb6 Rg5+ 0-1

[Event "GER-ch"]
[Site "Bad Neuenahr"]
[Date "1991.??.??"]
[Round "12"]
[White "Schmittdiel, Eckhard"]
[Black "Boensch, Uwe"]
[Result "1/2-1/2"]
[WhiteElo "2485"]
[BlackElo "2470"]
[Annotator "Blatny,P"]
[PlyCount "80"]
[EventDate "1991.06.??"]
[EventType "tourn"]
[EventRounds "15"]
[EventCountry "GER"]
[EventCategory "7"]
[SourceTitle "CBM 024"]
[Source "ChessBase"]
[SourceDate "1991.10.01"]
[SourceVersion "1"]
[SourceVersionDate "1991.10.01"]
[SourceQuality "1"]

1. e4 c5 2. c3 d5 3. exd5 Qxd5 4. d4 Nf6 5. Nf3 e6 6. Nbd2 Nc6 7. Bc4 Qd8 8.
Nb3 cxd4 9. Nbxd4 Nxd4 10. Nxd4 Be7 (10... Qc7 11. Qe2 a6 12. Bg5 Be7 13. O-O
O-O 14. Rfe1 Nd5 15. Bxe7 Nxe7 16. Rad1 $14 {Schmittdiel-Wojtkiewicz, Aabybro
1989 --> ChessBase: Blatny: Sicilian 2.c3}) 11. Bf4 (11. Qe2 O-O 12. O-O Bd7
13. Bf4 a6 14. Rad1 Qa5 15. Rfe1 Rfe8 16. Be5 Rad8 17. Rd3 Bc8 18. Rh3 $40 {
Schmittdiel-Ernst, Gausdal 1987}) 11... O-O 12. O-O Bd7 13. Qe2 Qa5 14. Rfe1
Qh5 $5 15. Qd2 Qc5 16. Bb3 Rad8 17. Qe2 Bd6 18. Bxd6 Qxd6 19. Rad1 Qb6 20. Rd3
(20. Qe5 a5 (20... Ng4 $2 21. Qg3 e5 22. Nf3 {/\h3;Rd7}) 21. Rd3 Ng4 $5 22. Qg3
(22. Qg5 $2 e5 {><f2}) 22... Nf6 $14 (22... e5 23. Nf3 $1)) 20... e5 $1 21. Nc2
(21. Qxe5 $4 Rfe8 $19) 21... a5 22. Ne3 Bb5 23. c4 Bc6 24. Rxd8 Rxd8 25. Nd5
Bxd5 26. cxd5 e4 27. Rd1 h5 28. h3 Rd6 $10 29. Qd2 g6 30. Qc3 Nd7 31. Rc1 a4
32. Bxa4 Rxd5 33. Rd1 Rxd1+ 34. Bxd1 Qd6 35. Bc2 Nc5 36. Qc4 Qe5 37. b4 Nd3 38.
Bxd3 exd3 39. Qxd3 Qe1+ 40. Kh2 Qxb4 1/2-1/2